[Event "Team Championship (men blitz)"]
[Site "Sochi"]
[Date "2017.10.05"]
[Round "10.6"]
[White "Potkin, Vladimir"]
[Black "Morozevich, Alexander"]
[Result "1/2-1/2"]
[LiveChessVersion "1.4.8"]
[BlackElo "2642"]
[WhiteElo "2497"]

1. d4 {[%clk 0:03:03]} g6 {[%clk 0:03:00]} 2. e4 {[%clk 0:03:04]} Bg7
{[%clk 0:03:01]} 3. Nf3 {[%clk 0:03:04]} d6 {[%clk 0:02:59]} 4. Nc3
{[%clk 0:03:02]} Nf6 {[%clk 0:03:00]} 5. Be2 {[%clk 0:03:03]} O-O
{[%clk 0:03:00]} 6. O-O {[%clk 0:03:04]} a6 {[%clk 0:03:01]} 7. Re1
{[%clk 0:03:01]} b5 {[%clk 0:02:26]} 8. e5 {[%clk 0:03:01]} Nfd7 {[%clk 0:02:02]}
9. e6 {[%clk 0:02:51]} fxe6 {[%clk 0:02:03]} 10. Ng5 {[%clk 0:02:52]} Nb6
{[%clk 0:02:01]} 11. Bf3 {[%clk 0:02:52]} Ra7 {[%clk 0:01:02]} 12. Nxe6
{[%clk 0:02:51]} Bxe6 {[%clk 0:01:03]} 13. Rxe6 {[%clk 0:02:51]} N8d7
{[%clk 0:01:04]} 14. Bg5 {[%clk 0:02:50]} Bf6 {[%clk 0:01:03]} 15. Ne4
{[%clk 0:02:35]} c5 {[%clk 0:00:59]} 16. dxc5 {[%clk 0:02:28]} Nxc5
{[%clk 0:00:50]} 17. Nxf6+ {[%clk 0:02:11]} Rxf6 {[%clk 0:00:32]} 18. Rxf6
{[%clk 0:02:04]} exf6 {[%clk 0:00:33]} 19. Be3 {[%clk 0:02:05]} Qe7
{[%clk 0:00:23]} 20. Qd4 {[%clk 0:01:54]} Rc7 {[%clk 0:00:21]} 21. b3
{[%clk 0:01:47]} Qe5 {[%clk 0:00:17]} 22. Rd1 {[%clk 0:01:47]} Qxd4
{[%clk 0:00:11]} 23. Rxd4 Nc8 24. g3 {[%clk 0:01:41]} Kf7 {[%clk 0:00:13]} 25.
Kg2 {[%clk 0:01:33]} f5 {[%clk 0:00:13]} 26. h3 {[%clk 0:01:23]} Ke8
{[%clk 0:00:09]} 27. h4 {[%clk 0:01:02]} h5 {[%clk 0:00:10]} 28. Rd2
{[%clk 0:00:50]} Kd7 {[%clk 0:00:10]} 29. Bd5 {[%clk 0:00:45]} Ne4
{[%clk 0:00:09]} 30. Bxe4 {[%clk 0:00:37]} fxe4 {[%clk 0:00:10]} 31. f3
{[%clk 0:00:26]} exf3+ {[%clk 0:00:11]} 32. Kxf3 {[%clk 0:00:27]} Ne7
{[%clk 0:00:12]} 33. Bf4 {[%clk 0:00:25]} Nf5 {[%clk 0:00:13]} 34. Ke4
{[%clk 0:00:24]} Ke6 {[%clk 0:00:13]} 35. Kd3 {[%clk 0:00:23]} b4
{[%clk 0:00:09]} 36. c4 {[%clk 0:00:17]} bxc3 {[%clk 0:00:10]} 37. Rc2
{[%clk 0:00:18]} Kd5 {[%clk 0:00:07]} 38. Rxc3 {[%clk 0:00:13]} Rxc3+
{[%clk 0:00:08]} 39. Kxc3 {[%clk 0:00:15]} Ke4 {[%clk 0:00:09]} 40. b4
{[%clk 0:00:13]} d5 {[%clk 0:00:11]} 41. a4 {[%clk 0:00:12]} d4+ {[%clk 0:00:11]}
42. Kd2 {[%clk 0:00:14]} Kd5 {[%clk 0:00:06]} 43. Kd3 {[%clk 0:00:12]} Ng7
{[%clk 0:00:07]} 44. b5 {[%clk 0:00:11]} axb5 {[%clk 0:00:09]} 45. axb5
{[%clk 0:00:12]} Ne6 {[%clk 0:00:10]} 46. b6 {[%clk 0:00:12]} Nc5+
{[%clk 0:00:12]} 47. Kd2 {[%clk 0:00:13]} Kc6 {[%clk 0:00:10]} 48. Be5
{[%clk 0:00:11]} Ne6 {[%clk 0:00:05]} 49. Kd3 {[%clk 0:00:11]} Kxb6
{[%clk 0:00:06]} 50. Bxd4+ {[%clk 0:00:12]} Kc6 {[%clk 0:00:07]} 51. Ke4 1/2-1/2

[Event "Team Championship (men blitz)"]
[Site "Sochi"]
[Date "2017.10.05"]
[Round "10.7"]
[White "Savchenko, Boris"]
[Black "Popov, Ivan"]
[Result "0-1"]
[LiveChessVersion "1.4.8"]
[BlackElo "2607"]
[WhiteElo "2630"]

1. e4 {[%clk 0:03:03]} c6 {[%clk 0:03:04]} 2. d4 {[%clk 0:03:04]} d5
{[%clk 0:03:05]} 3. Nc3 {[%clk 0:03:05]} dxe4 {[%clk 0:03:06]} 4. Nxe4
{[%clk 0:03:06]} Bf5 {[%clk 0:03:07]} 5. Ng3 {[%clk 0:03:06]} Bg6
{[%clk 0:03:08]} 6. h4 {[%clk 0:03:07]} h6 {[%clk 0:03:09]} 7. h5
{[%clk 0:03:08]} Bh7 {[%clk 0:03:10]} 8. Nf3 {[%clk 0:03:09]} e6 {[%clk 0:03:11]}
9. Bd3 {[%clk 0:03:10]} Bxd3 {[%clk 0:03:12]} 10. Qxd3 {[%clk 0:03:10]} Nf6
{[%clk 0:03:13]} 11. Bd2 {[%clk 0:03:11]} Be7 {[%clk 0:03:14]} 12. O-O-O
{[%clk 0:03:11]} O-O {[%clk 0:03:15]} 13. Ne4 {[%clk 0:03:12]} Nxe4
{[%clk 0:03:15]} 14. Qxe4 {[%clk 0:03:13]} Qd5 {[%clk 0:03:17]} 15. Qxd5
{[%clk 0:03:13]} cxd5 {[%clk 0:03:09]} 16. g4 {[%clk 0:03:13]} Nc6
{[%clk 0:03:09]} 17. c3 {[%clk 0:03:14]} Rac8 {[%clk 0:03:11]} 18. Rdg1
{[%clk 0:03:12]} f6 {[%clk 0:03:02]} 19. Bf4 {[%clk 0:03:10]} e5 {[%clk 0:02:44]}
20. Be3 {[%clk 0:03:07]} Bd6 {[%clk 0:02:14]} 21. Rd1 {[%clk 0:02:50]} e4
{[%clk 0:02:15]} 22. Nh4 {[%clk 0:02:50]} Ne7 {[%clk 0:02:15]} 23. Rhg1
{[%clk 0:02:43]} b5 {[%clk 0:02:08]} 24. Kb1 {[%clk 0:02:14]} Kf7
{[%clk 0:01:42]} 25. f3 {[%clk 0:02:14]} exf3 {[%clk 0:01:37]} 26. Rdf1
{[%clk 0:02:13]} a5 {[%clk 0:01:10]} 27. Rxf3 {[%clk 0:02:13]} b4
{[%clk 0:01:11]} 28. cxb4 {[%clk 0:02:12]} axb4 {[%clk 0:01:12]} 29. Rgf1
{[%clk 0:02:08]} Rc4 {[%clk 0:01:03]} 30. b3 {[%clk 0:01:24]} Rc3
{[%clk 0:01:04]} 31. Bd2 {[%clk 0:01:25]} Rxf3 {[%clk 0:01:04]} 32. Rxf3
{[%clk 0:01:25]} Re8 {[%clk 0:00:53]} 33. Rf1 {[%clk 0:01:21]} Rc8
{[%clk 0:00:29]} 34. Re1 {[%clk 0:01:18]} Rc7 {[%clk 0:00:25]} 35. Re2
{[%clk 0:01:05]} Bg3 {[%clk 0:00:21]} 36. Nf3 {[%clk 0:00:37]} Nc6
{[%clk 0:00:22]} 37. Bc1 {[%clk 0:00:37]} Bd6 {[%clk 0:00:17]} 38. Re1
{[%clk 0:00:25]} Re7 {[%clk 0:00:17]} 39. Rxe7+ {[%clk 0:00:23]} Nxe7
{[%clk 0:00:18]} 40. Kc2 {[%clk 0:00:24]} g5 {[%clk 0:00:11]} 41. hxg6+
{[%clk 0:00:22]} Kxg6 {[%clk 0:00:12]} 42. Kd3 {[%clk 0:00:21]} f5
{[%clk 0:00:07]} 43. g5 {[%clk 0:00:07]} hxg5 {[%clk 0:00:06]} 44. Bxg5
{[%clk 0:00:08]} Nc6 {[%clk 0:00:07]} 0-1

[Event "Team Championship (men blitz)"]
[Site "Sochi"]
[Date "2017.10.05"]
[Round "10.8"]
[White "Kobalia, Mikhail"]
[Black "Bocharov, Dmitry"]
[Result "0-1"]
[LiveChessVersion "1.4.8"]
[BlackElo "2653"]
[WhiteElo "2568"]

1. e4 {[%clk 0:03:03]} c5 {[%clk 0:03:01]} 2. Nf3 {[%clk 0:03:05]} d6
{[%clk 0:03:01]} 3. Bb5+ {[%clk 0:03:06]} Nd7 {[%clk 0:03:02]} 4. O-O
{[%clk 0:03:06]} Ngf6 {[%clk 0:03:01]} 5. Re1 {[%clk 0:03:08]} a6
{[%clk 0:03:01]} 6. Bf1 {[%clk 0:03:09]} b6 {[%clk 0:02:36]} 7. c3
{[%clk 0:03:10]} Bb7 {[%clk 0:02:36]} 8. d3 {[%clk 0:03:11]} g6 {[%clk 0:02:28]}
9. Nbd2 {[%clk 0:03:11]} Bg7 {[%clk 0:02:26]} 10. d4 {[%clk 0:03:13]} cxd4
{[%clk 0:02:21]} 11. cxd4 {[%clk 0:03:14]} O-O 12. Bd3 Rc8 {[%clk 0:02:15]} 13.
Nf1 {[%clk 0:03:17]} e5 {[%clk 0:01:57]} 14. d5 {[%clk 0:03:18]} Nc5
{[%clk 0:01:57]} 15. Bc2 {[%clk 0:03:13]} a5 {[%clk 0:01:58]} 16. Ng3
{[%clk 0:03:07]} b5 {[%clk 0:01:51]} 17. a3 {[%clk 0:02:57]} a4 {[%clk 0:01:45]}
18. Bd2 {[%clk 0:02:58]} Nfd7 {[%clk 0:01:45]} 19. Bb4 {[%clk 0:02:55]} Nb6
{[%clk 0:01:39]} 20. Nd2 {[%clk 0:02:46]} h5 {[%clk 0:01:40]} 21. h3
{[%clk 0:02:42]} Bh6 {[%clk 0:01:37]} 22. Qe2 {[%clk 0:02:43]} Kg7
{[%clk 0:01:34]} 23. Rad1 {[%clk 0:02:37]} Ba6 {[%clk 0:01:31]} 24. Bb1
{[%clk 0:02:32]} Qh4 {[%clk 0:01:23]} 25. Nf3 {[%clk 0:02:28]} Qe7
{[%clk 0:01:24]} 26. Nd2 {[%clk 0:02:27]} Nc4 {[%clk 0:01:22]} 27. Nxc4
{[%clk 0:02:21]} bxc4 {[%clk 0:01:22]} 28. Bc3 {[%clk 0:02:22]} Nd3
{[%clk 0:01:19]} 29. Rf1 {[%clk 0:02:23]} h4 {[%clk 0:01:20]} 30. Nh1
{[%clk 0:02:25]} f5 {[%clk 0:01:17]} 31. exf5 {[%clk 0:02:05]} gxf5
{[%clk 0:01:18]} 32. Qh5 {[%clk 0:01:54]} Qg5 {[%clk 0:01:13]} 33. Qxg5+
{[%clk 0:01:52]} Bxg5 {[%clk 0:01:14]} 34. Bxd3 {[%clk 0:01:46]} cxd3
{[%clk 0:01:15]} 35. f4 {[%clk 0:01:47]} Bf6 {[%clk 0:01:11]} 36. fxe5
{[%clk 0:01:48]} Bxe5 {[%clk 0:01:12]} 37. Rf3 {[%clk 0:01:38]} Bxc3
{[%clk 0:01:09]} 38. bxc3 {[%clk 0:01:40]} Rxc3 39. Nf2 Rxa3 {[%clk 0:01:08]} 40.
Nxd3 {[%clk 0:01:43]} Rxd3 {[%clk 0:01:05]} 41. Rfxd3 {[%clk 0:01:44]} Bxd3
{[%clk 0:01:06]} 42. Rxd3 {[%clk 0:01:45]} Ra8 43. Ra3 Kf6 {[%clk 0:01:08]} 44.
Kf2 {[%clk 0:01:49]} Ke5 45. g3 hxg3+ {[%clk 0:01:06]} 46. Kxg3 {[%clk 0:01:52]}
Kxd5 {[%clk 0:01:00]} 47. Kf4 {[%clk 0:01:54]} Kc4 {[%clk 0:01:01]} 48. h4
{[%clk 0:01:56]} Kb4 {[%clk 0:01:02]} 49. Ra1 {[%clk 0:01:57]} a3
{[%clk 0:01:02]} 50. h5 {[%clk 0:01:58]} Kb3 {[%clk 0:00:58]} 51. Kxf5
{[%clk 0:02:00]} a2 {[%clk 0:00:58]} 0-1

[Event "Team Championship (men blitz)"]
[Site "Sochi"]
[Date "2017.10.05"]
[Round "10.9"]
[White "Khismatullin, Denis"]
[Black "Alekseenko, Kirill"]
[Result "1/2-1/2"]
[LiveChessVersion "1.4.8"]
[BlackElo "2586"]
[WhiteElo "2660"]

1. Nf3 {[%clk 0:03:03]} d5 {[%clk 0:03:01]} 2. e3 {[%clk 0:03:04]} Nf6
{[%clk 0:03:00]} 3. c4 {[%clk 0:03:05]} c6 {[%clk 0:02:38]} 4. Nc3
{[%clk 0:03:05]} g6 {[%clk 0:02:37]} 5. d4 {[%clk 0:03:04]} Bg7 {[%clk 0:02:38]}
6. Be2 {[%clk 0:03:05]} O-O {[%clk 0:02:39]} 7. O-O {[%clk 0:03:06]} Bg4
{[%clk 0:02:29]} 8. cxd5 {[%clk 0:03:06]} cxd5 {[%clk 0:02:30]} 9. Qb3
{[%clk 0:03:07]} b6 {[%clk 0:01:51]} 10. Bd2 {[%clk 0:03:07]} Nc6
{[%clk 0:01:51]} 11. Qa4 {[%clk 0:02:23]} Rc8 {[%clk 0:01:39]} 12. Ba6
{[%clk 0:02:11]} Rc7 {[%clk 0:01:27]} 13. Nb5 {[%clk 0:02:00]} Rd7
{[%clk 0:01:25]} 14. Rfc1 {[%clk 0:01:54]} Bxf3 {[%clk 0:01:17]} 15. Rxc6
{[%clk 0:01:53]} Be2 {[%clk 0:01:01]} 16. Rac1 {[%clk 0:01:36]} Bxb5
{[%clk 0:00:48]} 17. Qxb5 {[%clk 0:01:29]} Rd6 {[%clk 0:00:46]} 18. Bb4
{[%clk 0:01:27]} Rxc6 {[%clk 0:00:45]} 19. Qxc6 {[%clk 0:01:28]} Ne4
{[%clk 0:00:30]} 20. Qc7 {[%clk 0:01:21]} Bf6 {[%clk 0:00:30]} 21. Qxa7
{[%clk 0:00:53]} Nd6 {[%clk 0:00:31]} 22. Rc7 {[%clk 0:00:47]} Kg7
{[%clk 0:00:19]} 23. g3 {[%clk 0:00:41]} h5 {[%clk 0:00:19]} 24. Qxb6
{[%clk 0:00:18]} Nf5 {[%clk 0:00:15]} 25. Bc5 {[%clk 0:00:12]} h4
{[%clk 0:00:12]} 26. Rc8 {[%clk 0:00:11]} Qd7 {[%clk 0:00:13]} 27. Qc6
{[%clk 0:00:09]} Qxc6 {[%clk 0:00:10]} 28. Rxc6 {[%clk 0:00:10]} hxg3
{[%clk 0:00:11]} 29. hxg3 {[%clk 0:00:11]} Rb8 {[%clk 0:00:06]} 30. b4 e5 31.
dxe5 {[%clk 0:00:12]} Bxe5 {[%clk 0:00:09]} 32. b5 {[%clk 0:00:12]} d4
{[%clk 0:00:08]} 33. exd4 {[%clk 0:00:08]} Nxd4 {[%clk 0:00:10]} 34. Rc8
{[%clk 0:00:05]} Rxc8 {[%clk 0:00:07]} 35. Bxc8 {[%clk 0:00:06]} Nxb5
{[%clk 0:00:08]} 36. a4 {[%clk 0:00:07]} Bd4 {[%clk 0:00:05]} 37. Bxd4+
{[%clk 0:00:05]} Nxd4 {[%clk 0:00:07]} 38. a5 {[%clk 0:00:05]} Nc6
{[%clk 0:00:07]} 39. a6 {[%clk 0:00:06]} Kf6 {[%clk 0:00:09]} 40. Kg2
{[%clk 0:00:06]} Ke5 {[%clk 0:00:10]} 41. Kf3 Na7 42. Ke3 {[%clk 0:00:07]} Nxc8
{[%clk 0:00:13]} 43. Kd3 {[%clk 0:00:05]} Na7 {[%clk 0:00:14]} 44. Kc4
{[%clk 0:00:07]} Kd6 {[%clk 0:00:15]} 45. Kd4 {[%clk 0:00:08]} f6
{[%clk 0:00:15]} 46. Ke4 {[%clk 0:00:05]} Nb5 {[%clk 0:00:15]} 47. g4
{[%clk 0:00:04]} Kc6 {[%clk 0:00:08]} 48. g5 {[%clk 0:00:03]} fxg5
{[%clk 0:00:07]} 49. Ke5 {[%clk 0:00:05]} Nc3 {[%clk 0:00:06]} 50. Kf6
{[%clk 0:00:06]} Ne4+ {[%clk 0:00:06]} 51. Kxg6 {[%clk 0:00:06]} g4
{[%clk 0:00:08]} 52. Kf5 {[%clk 0:00:07]} Nxf2 {[%clk 0:00:08]} 53. a7
{[%clk 0:00:07]} Kb7 {[%clk 0:00:09]} 54. Kf4 {[%clk 0:00:08]} Kxa7
{[%clk 0:00:08]} 55. Kg3 {[%clk 0:00:10]} 1/2-1/2

[Event "Team Championship (men blitz)"]
[Site "Sochi"]
[Date "2017.10.05"]
[Round "10.10"]
[White "Alekseev, Evgeny"]
[Black "Pridorozhni, Aleksei"]
[Result "1/2-1/2"]
[LiveChessVersion "1.4.8"]
[BlackElo "2671"]
[WhiteElo "2636"]

1. d4 {[%clk 0:03:03]} d6 {[%clk 0:03:03]} 2. e4 {[%clk 0:03:04]} Nf6
{[%clk 0:03:04]} 3. Bd3 {[%clk 0:03:04]} e5 {[%clk 0:03:03]} 4. c3
{[%clk 0:03:06]} Be7 {[%clk 0:03:02]} 5. Nf3 {[%clk 0:03:06]} Nc6
{[%clk 0:03:03]} 6. O-O {[%clk 0:03:05]} O-O {[%clk 0:03:02]} 7. dxe5
{[%clk 0:02:39]} Nxe5 {[%clk 0:03:00]} 8. Nxe5 {[%clk 0:02:39]} dxe5
{[%clk 0:03:00]} 9. Qe2 {[%clk 0:02:37]} c6 {[%clk 0:02:58]} 10. Nd2
{[%clk 0:02:34]} Qc7 {[%clk 0:02:50]} 11. a4 {[%clk 0:02:28]} a5 {[%clk 0:02:43]}
12. Nc4 {[%clk 0:02:29]} Nd7 {[%clk 0:02:42]} 13. Rd1 {[%clk 0:02:16]} Nc5
{[%clk 0:02:40]} 14. Bc2 {[%clk 0:02:17]} Be6 {[%clk 0:02:34]} 15. Be3
{[%clk 0:02:17]} Rfd8 {[%clk 0:01:13]} 16. Rxd8+ {[%clk 0:02:14]} Rxd8
{[%clk 0:01:13]} 17. b4 {[%clk 0:01:52]} axb4 18. cxb4 {[%clk 0:01:53]} Nd7
{[%clk 0:01:15]} 19. Rb1 {[%clk 0:01:48]} f6 {[%clk 0:00:47]} 20. a5
{[%clk 0:01:43]} Qc8 {[%clk 0:00:45]} 21. h3 {[%clk 0:01:28]} Bf7
{[%clk 0:00:43]} 22. Bb3 {[%clk 0:01:01]} Bf8 {[%clk 0:00:35]} 23. Ba2
{[%clk 0:00:57]} Qc7 {[%clk 0:00:28]} 24. Nb6 {[%clk 0:00:48]} Nb8
{[%clk 0:00:27]} 25. Nc4 {[%clk 0:00:44]} Rd7 {[%clk 0:00:24]} 26. Nb6
{[%clk 0:00:41]} Rd8 {[%clk 0:00:25]} 27. Nc4 {[%clk 0:00:39]} Rd7
{[%clk 0:00:26]} 28. Nb6 {[%clk 0:00:37]} 1/2-1/2

[Event "Team Championship (men blitz)"]
[Site "Sochi"]
[Date "2017.10.05"]
[Round "10.11"]
[White "Jakovenko, Dmitry"]
[Black "Levin, Evgeny A."]
[Result "1/2-1/2"]
[LiveChessVersion "1.4.8"]
[BlackElo "2546"]
[WhiteElo "2589"]

1. Nf3 {[%clk 0:03:03]} Nf6 {[%clk 0:03:02]} 2. c4 {[%clk 0:03:03]} g6
{[%clk 0:03:02]} 3. g3 {[%clk 0:03:02]} Bg7 {[%clk 0:03:04]} 4. Bg2
{[%clk 0:03:04]} O-O {[%clk 0:03:04]} 5. O-O {[%clk 0:03:04]} d6 {[%clk 0:03:05]}
6. d4 {[%clk 0:03:04]} Nc6 {[%clk 0:03:06]} 7. Nc3 {[%clk 0:03:04]} e5
{[%clk 0:03:07]} 8. d5 {[%clk 0:03:02]} Nb8 {[%clk 0:03:07]} 9. Ne1
{[%clk 0:02:57]} a5 {[%clk 0:03:05]} 10. a3 {[%clk 0:02:49]} Bd7 {[%clk 0:02:53]}
11. b3 {[%clk 0:02:46]} Na6 12. Nd3 {[%clk 0:02:20]} b6 {[%clk 0:02:34]} 13. Bd2
{[%clk 0:02:14]} Nc5 {[%clk 0:02:32]} 14. Nxc5 {[%clk 0:02:13]} bxc5
{[%clk 0:02:24]} 15. a4 {[%clk 0:02:09]} Ne8 {[%clk 0:01:54]} 16. Nb5
{[%clk 0:02:10]} Qb8 {[%clk 0:01:47]} 17. e4 {[%clk 0:01:14]} f5 {[%clk 0:01:45]}
18. exf5 {[%clk 0:01:13]} gxf5 {[%clk 0:01:45]} 19. Bc3 {[%clk 0:01:08]} Rf7
{[%clk 0:01:05]} 20. Qd2 {[%clk 0:01:03]} Qb6 {[%clk 0:01:03]} 21. Rae1
{[%clk 0:00:49]} Nf6 {[%clk 0:00:57]} 22. h3 {[%clk 0:00:46]} Ne4
{[%clk 0:00:50]} 23. Bxe4 {[%clk 0:00:34]} fxe4 {[%clk 0:00:51]} 24. Kg2
{[%clk 0:00:33]} Bf5 {[%clk 0:00:48]} 25. Qg5 {[%clk 0:00:29]} Bg6
{[%clk 0:00:42]} 26. Bd2 {[%clk 0:00:29]} Raf8 {[%clk 0:00:39]} 27. Qh4
{[%clk 0:00:24]} Rf5 {[%clk 0:00:20]} 28. Qe7 {[%clk 0:00:22]} R5f7
{[%clk 0:00:20]} 29. Qh4 {[%clk 0:00:22]} Rf5 {[%clk 0:00:21]} 30. Qe7
{[%clk 0:00:22]} R5f7 {[%clk 0:00:22]} 1/2-1/2

[Event "Team Championship (men blitz)"]
[Site "Sochi"]
[Date "2017.10.05"]
[Round "10.12"]
[White "Usmanov, Vasily"]
[Black "Iljiushenok, Ilia"]
[Result "1-0"]
[LiveChessVersion "1.4.8"]
[BlackElo "2409"]
[WhiteElo "2441"]

1. d4 {[%clk 0:03:04]} Nf6 {[%clk 0:03:03]} 2. c4 {[%clk 0:03:04]} g6
{[%clk 0:03:04]} 3. Nc3 {[%clk 0:03:03]} Bg7 {[%clk 0:03:05]} 4. g3
{[%clk 0:02:52]} O-O {[%clk 0:03:05]} 5. Bg2 {[%clk 0:02:54]} d6 {[%clk 0:03:06]}
6. Nf3 {[%clk 0:02:46]} a6 {[%clk 0:03:06]} 7. O-O {[%clk 0:02:46]} Nc6
{[%clk 0:03:07]} 8. d5 {[%clk 0:02:44]} Na5 {[%clk 0:03:08]} 9. Nd2
{[%clk 0:02:44]} c5 {[%clk 0:03:06]} 10. Qc2 {[%clk 0:02:43]} Rb8
{[%clk 0:03:01]} 11. Rb1 {[%clk 0:02:44]} b5 {[%clk 0:02:38]} 12. b3
{[%clk 0:02:45]} e5 {[%clk 0:02:27]} 13. dxe6 {[%clk 0:02:25]} Bxe6
{[%clk 0:02:16]} 14. Nd5 {[%clk 0:02:25]} bxc4 {[%clk 0:01:55]} 15. bxc4
{[%clk 0:02:25]} Rxb1 {[%clk 0:01:55]} 16. Nxb1 {[%clk 0:02:11]} Nd7
{[%clk 0:01:08]} 17. Bd2 {[%clk 0:02:03]} Ne5 {[%clk 0:01:00]} 18. Na3
{[%clk 0:01:57]} Nac6 {[%clk 0:00:59]} 19. e3 {[%clk 0:01:45]} Bf5
{[%clk 0:01:00]} 20. Qa4 {[%clk 0:01:44]} Qd7 {[%clk 0:00:29]} 21. f4
{[%clk 0:01:43]} Ng4 {[%clk 0:00:26]} 22. Qxc6 {[%clk 0:01:41]} Qe6
{[%clk 0:00:13]} 23. h3 {[%clk 0:01:28]} Nf6 {[%clk 0:00:12]} 24. g4
{[%clk 0:01:27]} Bd3 {[%clk 0:00:11]} 25. Re1 {[%clk 0:01:22]} h5
{[%clk 0:00:08]} 26. g5 {[%clk 0:01:19]} Ne4 {[%clk 0:00:09]} 27. Ba5
{[%clk 0:01:11]} Rb8 {[%clk 0:00:09]} 28. Nc7 {[%clk 0:00:53]} Qf5
{[%clk 0:00:11]} 29. Ne8 {[%clk 0:00:54]} Rb2 {[%clk 0:00:09]} 30. Nxg7
{[%clk 0:00:53]} Kxg7 {[%clk 0:00:05]} 31. Bd8 {[%clk 0:00:50]} Kh7
{[%clk 0:00:06]} 32. Qe8 {[%clk 0:00:49]} Nd2 {[%clk 0:00:03]} 33. Bf6
{[%clk 0:00:46]} 1-0

[Event "Team Championship (men blitz)"]
[Site "Sochi"]
[Date "2017.10.05"]
[Round "10.13"]
[White "Moskalenko, Alexander"]
[Black "Rakhmanov, Aleksandr"]
[Result "1/2-1/2"]
[LiveChessVersion "1.4.8"]
[BlackElo "2600"]
[WhiteElo "2580"]

1. e4 {[%clk 0:03:04]} d5 {[%clk 0:03:03]} 2. exd5 {[%clk 0:03:04]} Qxd5
{[%clk 0:03:04]} 3. Nc3 {[%clk 0:03:05]} Qd6 {[%clk 0:03:05]} 4. d4
{[%clk 0:03:06]} Nf6 {[%clk 0:03:06]} 5. Nf3 {[%clk 0:03:07]} g6 {[%clk 0:03:07]}
6. Ne5 {[%clk 0:03:05]} Bg7 {[%clk 0:03:04]} 7. Bf4 {[%clk 0:03:04]} Nd5
{[%clk 0:03:04]} 8. Nxd5 {[%clk 0:02:59]} Qxd5 {[%clk 0:03:05]} 9. f3
{[%clk 0:02:57]} O-O {[%clk 0:03:02]} 10. Bc4 {[%clk 0:02:57]} Qa5+
{[%clk 0:03:03]} 11. Qd2 {[%clk 0:02:58]} Qxd2+ {[%clk 0:03:03]} 12. Kxd2
{[%clk 0:02:59]} Nd7 {[%clk 0:03:03]} 13. Nxd7 {[%clk 0:02:39]} Bxd7
{[%clk 0:03:03]} 14. c3 {[%clk 0:02:40]} e6 {[%clk 0:02:47]} 15. Be5
{[%clk 0:02:05]} Rfc8 {[%clk 0:02:30]} 16. Bxg7 {[%clk 0:01:40]} Kxg7
{[%clk 0:02:31]} 17. Ke3 {[%clk 0:01:27]} c5 {[%clk 0:01:46]} 18. dxc5
{[%clk 0:01:20]} Rxc5 {[%clk 0:01:46]} 19. Be2 {[%clk 0:01:21]} a5
{[%clk 0:01:42]} 20. Rhd1 {[%clk 0:01:19]} Bc6 {[%clk 0:01:43]} 21. Rd4
{[%clk 0:01:13]} Kf6 {[%clk 0:01:33]} 22. h4 {[%clk 0:01:08]} h6 {[%clk 0:01:30]}
23. Rad1 {[%clk 0:01:01]} Ke7 {[%clk 0:01:27]} 24. Kf2 {[%clk 0:00:59]} g5
{[%clk 0:01:27]} 25. hxg5 {[%clk 0:01:00]} hxg5 {[%clk 0:01:28]} 26. Rh1
{[%clk 0:00:56]} Rd5 {[%clk 0:01:22]} 27. Rxd5 {[%clk 0:00:54]} Bxd5
{[%clk 0:01:24]} 28. a3 {[%clk 0:00:51]} Bc6 {[%clk 0:01:15]} 29. Ke3
{[%clk 0:00:51]} a4 {[%clk 0:01:16]} 30. Rd1 {[%clk 0:00:44]} e5 {[%clk 0:01:09]}
31. Bd3 {[%clk 0:00:35]} Rd8 {[%clk 0:00:52]} 32. Rh1 {[%clk 0:00:35]} g4
{[%clk 0:00:42]} 33. fxg4 {[%clk 0:00:23]} Bxg2 {[%clk 0:00:43]} 34. Rh7
{[%clk 0:00:23]} Bd5 {[%clk 0:00:25]} 35. g5 {[%clk 0:00:24]} Kd6
{[%clk 0:00:23]} 36. Rh6+ {[%clk 0:00:21]} Kc5 {[%clk 0:00:23]} 37. Rf6
{[%clk 0:00:20]} Rh8 {[%clk 0:00:23]} 38. Rf5 {[%clk 0:00:04]} Rh3+
{[%clk 0:00:22]} 39. Kd2 {[%clk 0:00:06]} Rh2+ {[%clk 0:00:20]} 40. Ke3
{[%clk 0:00:07]} Rh3+ {[%clk 0:00:12]} 41. Kd2 {[%clk 0:00:09]} Kd6
{[%clk 0:00:13]} 42. Rf6+ {[%clk 0:00:10]} Ke7 {[%clk 0:00:15]} 43. Rb6
{[%clk 0:00:11]} e4 {[%clk 0:00:14]} 44. Bb5 {[%clk 0:00:05]} e3+
{[%clk 0:00:14]} 45. Ke2 {[%clk 0:00:06]} Rh2+ {[%clk 0:00:15]} 46. Kd3
{[%clk 0:00:06]} Rxb2 {[%clk 0:00:15]} 47. Kxe3 {[%clk 0:00:05]} Rb3
{[%clk 0:00:09]} 48. Kd4 {[%clk 0:00:07]} Bc6 {[%clk 0:00:05]} 49. c4
{[%clk 0:00:08]} Bxb5 {[%clk 0:00:05]} 50. cxb5 {[%clk 0:00:08]} Rxa3
{[%clk 0:00:06]} 51. Rxb7+ {[%clk 0:00:10]} Ke6 {[%clk 0:00:06]} 52. Kc4
{[%clk 0:00:11]} Ra1 {[%clk 0:00:06]} 53. Ra7 {[%clk 0:00:12]} a3
{[%clk 0:00:06]} 54. Kb3 {[%clk 0:00:08]} Rb1+ {[%clk 0:00:07]} 55. Kc4
{[%clk 0:00:07]} Ra1 {[%clk 0:00:06]} 56. Kb3 {[%clk 0:00:07]} Rb1+
{[%clk 0:00:07]} 57. Kc4 {[%clk 0:00:08]} Ra1 {[%clk 0:00:08]} 1/2-1/2